00313nam a2200121Ia 4500008004100000041000800041082001200049100001900061245002900080260005100109300002400160365000700184240624s9999 xx 000 0 und d aeng a954 SHA aSHAIKH FARZANA aMAKING SENSE OF PAKISTAN c2009aNew DelhibC Hurst & Co. Publishers Ltd. a274 : p. : cm. ; 24 cRS